00469 2200193 4500001002100000005001500021008004100036020002200077035001900099041000700118082000900125090001600134100001600150245002600166250001000192260002800202300002400230650002100254INLIS00000000002489220241224131820241224||||||||| | ||| |||| || |  a978-623-206-025-8 0010-1224024892 aid0 aNONE a741.5 NUR s0 aNurul Ikoma00aShalat Sunnah Rawatib aCet.1 aSolobTiga Anandac2019 a32 hlm.; ilus 24 cm 0acerita bergambar